|
|
|
|
| LEADER |
01383nam a22003017a 4500 |
| 001 |
38145 |
| 003 |
BD-DhAAL |
| 008 |
220327r20212005bg a 000 0aben d |
| 999 |
|
|
|c 43892
|d 43892
|
| 020 |
|
|
|a 9847790272
|
| 040 |
|
|
|a BD-DhAAL
|
| 041 |
|
|
|a ben
|
| 082 |
|
|
|a 954.9204092
|
| 100 |
|
|
|a রনো, হায়দার আকবর খান
|9 47451
|
| 245 |
|
|
|a শতাব্দী পেরিয়ে /
|c হায়দার আকবর খান রনো
|
| 246 |
|
|
|a Shatabdi parea
|
| 260 |
|
|
|a ঢাকা :
|b তরফদার প্রকাশনী,
|c ২০০৫ [দশম মুদ্রণ ২০২১].
|
| 300 |
|
|
|a ৫২৫ পৃষ্ঠা ;
|c ২৩ সে.মি.
|
| 520 |
|
|
|a Autobiography of a communist political leader from Bangladesh.
|
| 541 |
|
|
|a Donated By Akbar Ali Khan
|e 38145
|
| 600 |
|
|
|a Khāna, Hāẏadāra Ākabara,
|d 1942-
|9 47452
|
| 610 |
|
|
|a Communist Party of Bangladesh.
|9 47453
|
| 650 |
|
|
|a Politicians
|z Bangladesh
|v Biography.
|9 47454
|
| 650 |
|
|
|a Communists
|z Bangladesh
|v Biography.
|9 47455
|
| 651 |
|
|
|a Bangladesh
|x Politics and government
|y 1971-
|9 47456
|
| 852 |
|
|
|a Ayesha Abed Library
|c Akbar Ali Khan Collection
|
| 942 |
|
|
|2 ddc
|c BK
|
| 952 |
|
|
|0 0
|1 0
|2 ddc
|4 0
|6 954_920409200000000_RAN
|7 1
|9 70288
|a BRACUL
|b BRACUL
|c AAKC
|d 2022-03-27
|e Donated by Akbar Ali Khan
|l 0
|o 954.9204092 RAN
|p 3010038145
|r 2022-03-27
|t 1
|w 2022-03-27
|y BK
|